000 00410nam a2200169Ia 4500
008 230711s9999||||xx |||||||||||||| ||und||
041 _aENG
082 _a621.3
_bMU-E
100 _aB. B. Muvdi
245 0 _aEngineering mechanics of materials
250 _a3rd Ed.
260 _c1991
_aBerlin
_bSpringer-Verlag
300 _a693
650 _aElectrical Engineering
700 _aJ. W. McNabb
942 _cBK
999 _c1684
_d1684